000 00775nam a2200205Ii 4500
003 JO-AjNU
008 230605s9999||||xx |||||||||||||| ||und||
017 _a1994/3/228
040 _aJO-AjNU
_bara
_erda
_cJO-AjNU
041 _aara
050 1 4 _aHF4515.A7464 1996
100 3 _aتأليف عقيلي، عمر وصفي، م.مشارك: قحطان بدر العبدلي، حمد راشد الغدير,
_eauthor
_956647
245 0 0 _aمبادىء التسويق: مدخل متكامل
264 3 1 _aعمان: دار زهران للنشر، 1996
300 _a380ص
_bيحتوي على ببلوغرافية من 373-380ص
336 _atext
_btxt
_2rdacontent
337 _aunmediated
_bn
_2rdamedia
338 _avolume
_bnc
_2rdacarrier
650 4 _aالتسويق
_956648
999 _aA25338
_c28906
_d28906